El plan de estabilidad y desarrollo económico y la banca comercial en la República Argentina (Registro nro. 28788)

Detalles MARC
000 -LEADER
fixed length control field 00374 a2200109 4500
001 - CONTROL NUMBER
control field ART_26480
005 - DATE AND TIME OF LATEST TRANSACTION
control field 20260410161933.0
008 - FIXED-LENGTH DATA ELEMENTS--GENERAL INFORMATION
fixed length control field 260409a
100 1# - MAIN ENTRY--PERSONAL NAME
Personal name Carbonell Tur, Antonio
245 10 - TITLE STATEMENT
Title El plan de estabilidad y desarrollo económico y la banca comercial en la República Argentina
773 0# - HOST ITEM ENTRY
Title Informe
Related parts - Año II, Nº 14 (ago. 1970)
Record control number REV23765

No hay ítems disponibles.